24 Movie Posters with Weapons Quiz Stats

 Plays Quiz Updated Jun 30, 2018

Challenge
Share
Tweet
Score 0/24 Timer 06:00
8 Plays Today
% Correct
Brave
96.3%
Men in Black II
91.2%
Pirates of the Caribbean: The Curse of the Black Pearl
90.8%
Lara Croft: Tomb Raider
90.1%
The Mask of Zorro
88.7%
Harry Potter and the Half-Blood Prince
87.8%
Guardians of the Galaxy
86.1%
Star Wars: The Force Awakens
84.5%
Ratatouille
83%
Tangled
81.7%
Rambo: First Blood Part II
79.8%
Robin Hood
76.1%
% Correct
Lethal Weapon 2
73.2%
Casino Royale
72.4%
Zombieland
70.2%
Beverly Hills Cop
67.8%
Percy Jackson & the Olympians: The Lightning Thief
64.7%
Prince of Persia: The Sands of Time
61.8%
Johnny English Reborn
49.5%
Clash of the Titans
44.7%
Public Enemies
39.2%
In Bruges
36.6%
Non-Stop
20.2%
Killing Them Softly
13.2%

You're not logged in!

Compare scores with friends on all Sporcle quizzes.
OR
Log In

You Might Also Like...

Show Comments

Extras

Top Quizzes Today


Score Distribution

Your Account Isn't Verified!

In order to create a playlist on Sporcle, you need to verify the email address you used during registration. Go to your Sporcle Settings to finish the process.

Report this User

Report this user for behavior that violates our Community Guidelines.

Details: